000 00755nam a2200205Ii 4500
003 JO-AjNU
008 230605s9999||||xx |||||||||||||| ||und||
017 _a2014/7/3223
040 _aJO-AjNU
_bara
_erda
_cJO-AjNU
041 _aara
050 1 4 _aDS38.1.Z34 2015
100 3 _aتأليف السلوادي، عبدالرحيم محمد,
_eauthor
_959561
245 0 0 _aهذيل وعلاقتها برسول الله صلى الله عليه وسلم
264 3 1 _aعمان: المؤلف، 2015
300 _a141ص
_b ويحتوي على قائمة مراجع من ص131-ص141
336 _atext
_btxt
_2rdacontent
337 _aunmediated
_bn
_2rdamedia
338 _avolume
_bnc
_2rdacarrier
650 4 _aالقبائل العربية- هذيل
_959562
999 _aA26809
_c30377
_d30377